000 00301nam a2200121Ia 4500
008 220216s9999 xx 000 0 und d
100 _aLoh Leon
245 0 _aGlobal synthetic rubber industrial outlook
260 _bRubber India
_c2011
300 _a42-52
650 _aSynthetic rubber
942 _cJS
999 _c59978
_d59978